The USA, Canada and The Quaid-i-Azam Muhammad ali Jinnah (Record no. 3070)
[ view plain ]
| 000 -LEADER | |
|---|---|
| fixed length control field | 00309nam a22001217a 4500 |
| 020 ## - INTERNATIONAL STANDARD BOOK NUMBER | |
| International Standard Book Number | 9789695623909 |
| 082 ## - DEWEY DECIMAL CLASSIFICATION NUMBER | |
| Classification number | 923.15491 |
| 100 ## - MAIN ENTRY--PERSONAL NAME | |
| Personal name | Dr. Nadeem Shafiq malik (Ed) |
| 245 ## - TITLE STATEMENT | |
| Title | The USA, Canada and The Quaid-i-Azam Muhammad ali Jinnah |
| 260 ## - PUBLICATION, DISTRIBUTION, ETC. | |
| Place of publication, distribution, etc. | Lahore |
| Name of publisher, distributor, etc. | Fiction |
| Date of publication, distribution, etc. | 2015 |
| 300 ## - PHYSICAL DESCRIPTION | |
| Extent | 187p |
| 942 ## - ADDED ENTRY ELEMENTS (KOHA) | |
| Koha item type | Book |
| Withdrawn status | Lost status | Source of classification or shelving scheme | Damaged status | Not for loan | Permanent Location | Current Location | Shelving location | Date acquired | Full call number | Barcode | Date last seen | Price effective from | Koha item type |
|---|---|---|---|---|---|---|---|---|---|---|---|---|---|
| Central Library (CL) | Central Library (CL) | General Stacks | 05/05/2016 | 928.914391 MAL | S3H-D-105 | 05/05/2016 | 05/05/2016 | Book | |||||
| Central Library (CL) | Central Library (CL) | General Stacks | 05/05/2016 | 928.914391 MAL | S3H-D-106 | 05/05/2016 | 05/05/2016 | Book |
